|
|
|
|
| LEADER |
01457nam a22003494a 4500 |
| 001 |
33651 |
| 003 |
BD-DhAAL |
| 005 |
20180806144847.0 |
| 008 |
180806r20182000enkab b 001 0 eng d |
| 999 |
|
|
|c 39557
|d 39557
|
| 010 |
|
|
|a 99069985
|
| 020 |
|
|
|a 9780500203354
|
| 020 |
|
|
|a 0500203350
|
| 040 |
|
|
|a DLC
|c DLC
|d DLC
|d BD-DhAAL
|
| 042 |
|
|
|a pcc
|
| 043 |
|
|
|a e-fr---
|
| 050 |
0 |
0 |
|a ND547.5.I4
|b T483 2000
|
| 082 |
0 |
0 |
|a 759.054
|2 21
|
| 100 |
1 |
|
|a Thomson, Belinda.
|9 27731
|
| 245 |
1 |
0 |
|a Impressionism :
|b origins, practice, reception /
|c Belinda Thomson.
|
| 260 |
|
|
|a New York, N.Y. :
|b Thames & Hudson,
|c c2000 [reprinted 2018]
|
| 300 |
|
|
|a 272 pages :
|b illustrations (some colors), map ;
|c 21 cm.
|
| 440 |
|
0 |
|a World of art
|9 27732
|
| 504 |
|
|
|a Includes bibliographical references (pages 262-264) and index.
|
| 526 |
|
|
|a AAL
|
| 541 |
|
|
|a Trim Education
|e 33651, 33652
|
| 650 |
|
0 |
|a Impressionism (Art)
|z France.
|9 27733
|
| 650 |
|
0 |
|a Painting, French
|y 19th century.
|9 27734
|
| 852 |
|
|
|a Ayesha Abed Library
|c General Stacks
|
| 942 |
|
|
|2 ddc
|c BK
|
| 952 |
|
|
|0 0
|1 0
|2 ddc
|4 0
|6 759_054000000000000_THO
|7 0
|9 64199
|a BRACUL
|b BRACUL
|c GEN
|d 2018-08-05
|e Trim Education
|g 2500.00
|l 7
|m 25
|o 759.054 THO
|p 3010033651
|r 2025-11-30
|s 2025-11-20
|t 1
|v 2500.00
|w 2018-08-05
|y BK
|
| 952 |
|
|
|0 0
|1 0
|2 ddc
|4 0
|6 759_054000000000000_THO
|7 0
|9 64200
|a BRACUL
|b BRACUL
|c GEN
|d 2018-08-05
|e Trim Education
|g 2500.00
|l 1
|m 18
|o 759.054 THO
|p 3010033652
|r 2022-11-27
|s 2022-06-06
|t 2
|v 2500.00
|w 2018-08-05
|y BK
|